Africa's Independence From Europe (Part 1) - Statistics

General Stats
  • This quiz has been taken 58 times
    42 since last reset
  • The average score is 17 of 18
Answer Stats
Picture Hint Answer % Correct
Mali France
97%
Central African Republic France
97%
Madagascar France
97%
Angola Portugal
97%
Zimbabwe United Kingdom
97%
Sudan United Kingdom
97%
Lesotho United Kingdom
97%
Mauritius United Kingdom
97%
Uganda United Kingdom
97%
Democratic Republic of Congo Belgium
94%
Gabon France
94%
Republic of Congo France
94%
Togo France
94%
Djibouti France
94%
Mozambique Portugal
94%
Guinea - Bissau Portugal
94%
Equatorial Guinea Spain
94%
(Never colonized) Ethiopia
92%
No matching quizzes found
Score Distribution
Percent of People with Each Score
Percentile by Number Answered
Your Score History
You have not taken this quiz since the last reset